[Event "20th WCh U20 Girls"]
[Site "Panaji IND"]
[Date "2002.12.13"]
[Round "7"]
[White "Milliet, Sophie"]
[Black "Savic, Marijana"]
[Result "1/2-1/2"]
[WhiteElo "2164"]
[BlackElo "2141"]
[EventDate "2002.12.09"]
[PlyCount "115"]

1.d4 d5 2.Nf3 Nf6 3.c4 e6 4.Nc3 Bb4 5.Bg5 h6 6.Bxf6 Qxf6 7.e3 O-O 8.cxd5 
exd5 9.Be2 c6 10.O-O Nd7 11.Qc2 Re8 12.Rfc1 Bd6 13.Na4 Qe7 14.a3 Nf6 15.b4
Bg4 16.Qb3 a6 17.Nc5 Bb8 18.Ra2 Qc7 19.Ne5 Bxe2 20.Rxe2 Qc8 21.Nf3 Ne4 22.
Rec2 Bd6 23.a4 Qc7 24.h3 Qe7 25.Nd3 Kh7 26.Nd2 Qf6 27.Nxe4 Rxe4 28.Nc5 
Bxc5 29.bxc5 Re7 30.Qd3+ g6 31.Rb1 Rc8 32.Rcb2 Rcc7 33.Rb6 Red7 34.R1b3 
Qe7 35.Qb1 Kg7 36.Qb2 Kh7 37.g3 Kg8 38.a5 Kh7 39.Kg2 h5 40.Qb1 Kg7 41.R6b4
f5 42.h4 Qe4+ 43.Kf1 Qxb1+ 44.Rxb1 Re7 45.Ke2 Rcd7 46.Kd3 Rc7 47.R4b2 Rcd7
48.f3 Kf6 49.Rf2 Kg7 50.g4 hxg4 51.fxg4 fxg4 52.Rf4 Re6 53.Rxg4 Rde7 54.
Rg3 Kh6 55.Rbg1 Kh5 56.Rg5+ Kh6 57.R1g3 Rf7 58.Ke2 1/2-1/2

[Event "20th WCh U20 Girls"]
[Site "Panaji IND"]
[Date "2002.12.13"]
[Round "7"]
[White "Kasturi, M."]
[Black "Bjerke, Silje"]
[Result "1/2-1/2"]
[WhiteElo "2158"]
[BlackElo "2065"]
[EventDate "2002.12.09"]
[PlyCount "90"]

1.e4 e6 2.d4 d5 3.Nd2 c5 4.exd5 Qxd5 5.Ngf3 cxd4 6.Bc4 Qd6 7.O-O Nf6 8.Nb3
Nc6 9.Nbxd4 Nxd4 10.Nxd4 a6 11.c3 Qc7 12.Qe2 Bd6 13.h3 O-O 14.Bb3 h6 15.
Bd2 b6 16.Rad1 Bb7 17.Bc1 Rfe8 18.Rfe1 Rad8 19.Nf3 Qc6 20.Qf1 Bb8 21.Ne5 
Qc7 22.Bf4 Nh5 23.Bh2 Qc5 24.Qe2 Rxd1 25.Rxd1 Nf6 26.Bc2 Bc7 27.Bg3 Qe7 
28.Bh4 g5 29.Bg3 Rd8 30.h4 Rxd1+ 31.Bxd1 Qc5 32.Ng4 Nxg4 33.Qxg4 f5 34.Qd4
Qxd4 35.cxd4 Bxg3 36.fxg3 Kf7 37.Bf3 Bxf3 38.gxf3 Ke7 39.Kf2 Kd6 40.Ke3 
Kd5 41.Kd3 b5 42.hxg5 hxg5 43.f4 gxf4 44.gxf4 a5 45.b3 b4 1/2-1/2

[Event "20th WCh U20 Girls"]
[Site "Panaji IND"]
[Date "2002.12.13"]
[Round "7"]
[White "Soumya, Swaminathan"]
[Black "Lapinskaite, Sarune"]
[Result "0-1"]
[WhiteElo "2095"]
[BlackElo "2034"]
[EventDate "2002.12.09"]
[PlyCount "80"]

1.e4 d6 2.d4 g6 3.Be3 Bg7 4.Nc3 Nf6 5.h3 a6 6.Be2 O-O 7.f4 c5 8.Nf3 Nc6 9.
O-O cxd4 10.Nxd4 Bd7 11.Nf3 b5 12.a3 Rc8 13.g4 Rb8 14.Qc1 Na5 15.f5 Bc6 
16.Bd3 Nc4 17.Bh6 Qb6+ 18.Kh2 Qb7 19.Bxg7 Kxg7 20.Re1 Qa7 21.Re2 Qc7 22.
Kg2 Bb7 23.Nd1 Qc5 24.b4 Qc7 25.Nf2 Nd7 26.Bxc4 Qxc4 27.Qb2+ Kg8 28.Rd1 
Qxe2 29.Rd2 Qc4 30.Rd4 Qc6 31.fxg6 hxg6 32.h4 Rbc8 33.Qc1 Kg7 34.Rd2 Nf6 
35.Re2 Qc4 36.Qe3 d5 37.Ne5 Qc3 38.Qf4 dxe4 39.h5 e3+ 40.Kf1 exf2 0-1

[Event "20th WCh U20 Girls"]
[Site "Panaji IND"]
[Date "2002.12.13"]
[Round "7"]
[White "Holusova, Tana"]
[Black "Nimmy, A. G."]
[Result "1/2-1/2"]
[WhiteElo "2106"]
[BlackElo "2004"]
[EventDate "2002.12.09"]
[PlyCount "48"]

1.e4 e5 2.f4 exf4 3.Nf3 d6 4.d4 g5 5.h4 g4 6.Ng1 Bh6 7.Ne2 f3 8.Nf4 f2+ 9.
Kxf2 g3+ 10.Kxg3 Nf6 11.Nc3 Ng4 12.Kf3 Rg8 13.g3 Qf6 14.Nd5 Qg7 15.Qe1 
Qxd4 16.Nxc7+ Kd8 17.Nxa8 Ne5+ 18.Kg2 Bg4 19.Bd3 Bf3+ 20.Kf1 Bxh1 21.Qa5+ 
b6 22.Qxa7 Nbd7 23.Qc7+ Ke7 24.Nd5+ Ke6 1/2-1/2

[Event "20th WCh U20 Girls"]
[Site "Panaji IND"]
[Date "2002.12.13"]
[Round "7"]
[White "Rajalakshmi, C. V."]
[Black "Kavitha, J. E."]
[Result "1-0"]
[WhiteElo "2018"]
[BlackElo "2064"]
[EventDate "2002.12.09"]
[PlyCount "120"]

1.c4 Nf6 2.Nc3 e6 3.Nf3 Bb4 4.g3 b6 5.Bg2 Bb7 6.O-O O-O 7.d3 Be7 8.Bf4 d6 
9.Re1 Nbd7 10.Qc2 Re8 11.e4 c5 12.Nb5 e5 13.Bg5 h6 14.Bd2 Kh7 15.Nc3 Nb8 
16.Nd5 Bc8 17.Nxe7 Qxe7 18.b4 a6 19.a4 a5 20.bxa5 bxa5 21.Nh4 g6 22.Rf1 
Nc6 23.Bc3 Nb4 24.Qd2 Rg8 25.f4 Ra6 26.Bb2 Rg7 27.Bc1 Kh8 28.Qc3 Rh7 29.
Bb2 Nc6 30.Nf3 Nd7 31.Bh3 f6 32.Nh4 Qf7 33.Rf2 Nd4 34.Ng2 Nb6 35.Bxc8 Nxc8
36.Kh1 Qf8 37.fxe5 dxe5 38.Ne3 Ne7 39.Raf1 h5 40.Ba3 Nc8 41.Nd5 Rf7 42.Qd2
Kg7 43.Rb1 Na7 44.Bc1 Kg8 45.Qh6 Qxh6 46.Bxh6 Kh7 47.Bd2 Kg7 48.Rb8 Nac6 
49.Rc8 Nb3 50.Nc7 Ne7 51.Rb8 Nc6 52.Nxa6 Nxb8 53.Nxb8 Rb7 54.Nc6 Rd7 55.
Nxa5 Nxa5 56.Bxa5 Rxd3 57.Bb6 Rd4 58.Rc2 Rxe4 59.a5 Re1+ 60.Kg2 Ra1 1-0

[Event "20th WCh U20 Girls"]
[Site "Panaji IND"]
[Date "2002.12.13"]
[Round "7"]
[White "Jennitha, Anto"]
[Black "Trujillo Delgado, Dafnae"]
[Result "1/2-1/2"]
[WhiteElo "1989"]
[BlackElo "2036"]
[EventDate "2002.12.09"]
[PlyCount "85"]

1.e4 c5 2.c3 d5 3.exd5 Qxd5 4.d4 cxd4 5.cxd4 Nc6 6.Nf3 e6 7.Be2 Nf6 8.O-O 
Be7 9.Nc3 Qd8 10.Be3 O-O 11.a3 a6 12.Rc1 Bd6 13.b4 Ne7 14.Qb3 Nfd5 15.Nxd5
Nxd5 16.Ne5 Nxe3 17.Qxe3 Bd7 18.Bf3 Rb8 19.Nxd7 Qxd7 20.Rfd1 Rfc8 21.Rxc8+
Rxc8 22.Rc1 Rc7 23.g3 g6 24.Kg2 Kg7 25.Rxc7 Qxc7 26.Qb3 b5 27.Bd1 a5 28.
bxa5 Qxa5 29.Be2 Bxa3 30.Qxb5 Qd2 31.Qd3 Qxd3 32.Bxd3 Bb2 33.f4 Bxd4 34.
Kf3 f5 35.h3 h6 36.g4 Kf6 37.gxf5 gxf5 38.Bf1 Kg6 39.Bg2 Kh5 40.Bf1 Kg6 
41.Bg2 Kf6 42.Bf1 Ke7 43.Bc4 1/2-1/2

[Event "20th WCh U20 Girls"]
[Site "Panaji IND"]
[Date "2002.12.15"]
[Round "8"]
[White "Kosintseva, Tatiana"]
[Black "Humpy, Koneru"]
[Result "0-1"]
[WhiteElo "2427"]
[BlackElo "2484"]
[EventDate "2002.12.09"]
[PlyCount "86"]

1.e4 c6 2.d4 d5 3.exd5 cxd5 4.c4 dxc4 5.Bxc4 Qc7 6.Bb3 Bg4 7.f3 Bd7 8.Ne2 
e6 9.Nbc3 Nf6 10.Bg5 Be7 11.Rc1 Bc6 12.O-O O-O 13.Qd2 Rd8 14.Qe3 Qb6 15.
Kh1 Nbd7 16.Rcd1 Nf8 17.Ng3 Rd7 18.Nge4 Rad8 19.Bxf6 gxf6 20.Nc5 Bxc5 21.
dxc5 Rxd1 22.Rxd1 Rxd1+ 23.Nxd1 Qb5 24.h3 Nd7 25.Bc2 Qxc5 26.Qd3 f5 27.Qd2
Nf8 28.Nc3 Ng6 29.a3 a5 30.Ba4 Bxa4 31.Nxa4 Qb5 32.Nc3 Qe5 33.Ne2 f4 34.
Nc3 Kg7 35.Ne4 f5 36.Qd7+ Kh6 37.Nd2 Qe1+ 38.Kh2 Nh4 39.Ne4 fxe4 40.Qxe6+ 
Ng6 41.fxe4 Qg3+ 42.Kh1 f3 43.gxf3 Qxf3+ 0-1

[Event "20th WCh U20 Girls"]
[Site "Panaji IND"]
[Date "2002.12.15"]
[Round "8"]
[White "Pogonina, Natalia"]
[Black "Zhao Xue"]
[Result "0-1"]
[WhiteElo "2397"]
[BlackElo "2367"]
[EventDate "2002.12.09"]
[PlyCount "76"]

1.e4 c5 2.Nf3 d6 3.d4 cxd4 4.Nxd4 Nf6 5.Nc3 a6 6.Be2 e5 7.Nb3 Be7 8.Be3 
Be6 9.Nd5 Nbd7 10.Nxe7 Qxe7 11.f3 d5 12.exd5 Nxd5 13.Qd2 Nxe3 14.Qxe3 a5 
15.O-O O-O 16.Rfd1 Rfc8 17.c3 h6 18.Bb5 a4 19.Nd2 Nf8 20.Qxe5 Rc5 21.Qe2 
a3 22.b3 Rxc3 23.Ne4 Rc7 24.Rd2 Rac8 25.Rad1 Rc1 26.Nd6 Rxd1+ 27.Rxd1 Rd8 
28.Ne4 Ng6 29.Nf2 Nf4 30.Rxd8+ Qxd8 31.Qe5 Qd2 32.g3 Ng6 33.Qa1 Qb2 34.Qf1
Bxb3 35.Bc4 Bxa2 36.Bxa2 Qxa2 37.Nd3 Qc4 38.Nc1 Qc2 0-1

[Event "20th WCh U20 Girls"]
[Site "Panaji IND"]
[Date "2002.12.15"]
[Round "8"]
[White "Kosintseva, Nadezhda"]
[Black "Zigangirova, Sofya"]
[Result "1-0"]
[WhiteElo "2388"]
[BlackElo "2241"]
[EventDate "2002.12.09"]
[PlyCount "101"]

1.e4 c5 2.Nf3 e6 3.c3 Nf6 4.e5 Nd5 5.Bc4 Nb6 6.Bb3 Nc6 7.d4 cxd4 8.cxd4 d6
9.O-O dxe5 10.dxe5 Qxd1 11.Rxd1 Bd7 12.Nc3 Nb4 13.Be3 Bc6 14.Nd4 Be7 15.
Ndb5 Bxb5 16.Nxb5 O-O 17.Nxa7 N4d5 18.Bd4 Rfd8 19.Nb5 Kf8 20.Kf1 Rac8 21.
Rac1 Bg5 22.Rxc8 Rxc8 23.Nd6 Rc7 24.g3 Be7 25.Nb5 Rc6 26.Ke2 h5 27.Nc3 Nc7
28.Bc2 Bb4 29.Be4 Nbd5 30.Nxd5 exd5 31.Bf3 g6 32.a3 Be7 33.Rd3 Nb5 34.Be3 
Nc7 35.Kd2 Re6 36.Bxd5 Rxe5 37.Bf3 Ne6 38.Rd5 Rxd5+ 39.Bxd5 Bf6 40.b4 Nd8 
41.Kd3 Ke7 42.Kc4 Kd7 43.Kb5 Bb2 44.a4 Bc3 45.a5 Be1 46.f4 Bc3 47.Kc4 Be1 
48.Bd4 Bd2 49.Bc3 Bxc3 50.Kxc3 Kd6 51.Kd4 1-0

[Event "20th WCh U20 Girls"]
[Site "Panaji IND"]
[Date "2002.12.15"]
[Round "8"]
[White "Khasanova, Elmira"]
[Black "Tania, Sachdev"]
[Result "1-0"]
[WhiteElo "2325"]
[BlackElo "2189"]
[EventDate "2002.12.09"]
[PlyCount "41"]

1.e4 c5 2.c3 d5 3.exd5 Qxd5 4.d4 Nf6 5.Nf3 Bg4 6.Qa4+ Nc6 7.Bc4 Qe4+ 8.Be3
Bxf3 9.Nd2 Qg6 10.Nxf3 Nd7 11.d5 Qxg2 12.Ke2 Ncb8 13.Rhg1 Qh3 14.Bxc5 Qf5 
15.Be3 h6 16.Rad1 g6 17.Bd3 Qh5 18.Rg4 a6 19.Rc4 e6 20.dxe6 fxe6 21.Rc8+ 
1-0

[Event "20th WCh U20 Girls"]
[Site "Panaji IND"]
[Date "2002.12.15"]
[Round "8"]
[White "Tian Tian"]
[Black "Savic, Marijana"]
[Result "1-0"]
[WhiteElo "2311"]
[BlackElo "2141"]
[EventDate "2002.12.09"]
[PlyCount "107"]

1.e4 e5 2.Nf3 Nc6 3.Bc4 Bc5 4.c3 Nf6 5.d3 a6 6.O-O O-O 7.Nbd2 Ba7 8.Bb3 d5
9.Qe2 Re8 10.Rd1 Ng4 11.Rf1 Nf6 12.h3 h6 13.Rd1 Be6 14.Nf1 Qd7 15.Ne3 Rad8
16.Nh4 d4 17.Nef5 Bxb3 18.axb3 dxc3 19.bxc3 Qe6 20.Qf3 Kh7 21.Be3 Bxe3 22.
Qxe3 Ne7 23.b4 Nxf5 24.Nxf5 Ng8 25.Qc5 Rd7 26.b5 axb5 27.Qxb5 c6 28.Qc5 
Red8 29.Rab1 Ne7 30.Nxe7 Qxe7 31.Qxe7 Rxe7 32.Kf1 Rd6 33.Rb6 Red7 34.Ke2 
Kg6 35.Ke3 f5 36.g3 Kf6 37.exf5 Kxf5 38.Rb4 c5 39.Rb5 b6 40.f3 g6 41.c4 h5
42.Rb3 Rd8 43.Ra1 Kf6 44.Ra6 Kf5 45.Raxb6 g5 46.Rxd6 Rxd6 47.g4+ hxg4 48.
hxg4+ Kf6 49.Rb5 Rc6 50.Ke4 Ke6 51.Rb8 Rd6 52.Re8+ Kf6 53.Rf8+ Ke6 54.Rf5 
1-0

[Event "20th WCh U20 Girls"]
[Site "Panaji IND"]
[Date "2002.12.15"]
[Round "8"]
[White "Tsai, Cindy"]
[Black "Ubiennykh, Ekaterina"]
[Result "0-1"]
[WhiteElo "2204"]
[BlackElo "2210"]
[EventDate "2002.12.09"]
[PlyCount "172"]

1.d4 f5 2.c4 Nf6 3.g3 g6 4.Bg2 Bg7 5.Nf3 O-O 6.O-O d6 7.Nc3 c6 8.Qb3 Qb6 
9.Na4 Qxb3 10.axb3 Na6 11.Rd1 Bd7 12.Bf4 h6 13.h4 Nh5 14.e3 Rad8 15.Bf1 
Rfe8 16.d5 Nxf4 17.exf4 e5 18.fxe5 dxe5 19.Nc3 Bf6 20.Bg2 g5 21.hxg5 hxg5 
22.Nxg5 Bxg5 23.dxc6 Be6 24.Rxd8 Rxd8 25.cxb7 Nb8 26.Rxa7 e4 27.Kf1 Be7 
28.g4 fxg4 29.Bxe4 Rf8 30.Bd5 Bxd5 31.Nxd5 Bh4 32.Ra8 g3 33.Nf4 Kf7 34.
fxg3 Bxg3 35.Nd3 Ke6+ 36.Ke2 Kd6 37.b4 Kc7 38.Nc5 Rf2+ 39.Kd3 Rxb2 40.b5 
Bd6 41.Na4 Rb3+ 42.Kc2 Rb4 43.b6+ Kxb7 44.Ra7+ Kc6 45.c5 Be5 46.Re7 Bd4 
47.Rc7+ Kb5 48.Nc3+ Kc4 49.Nd1 Na6 50.Re7 Nxc5 51.Ne3+ Kb5 52.b7 Kc6 53.
Nf5 Rb2+ 54.Kc1 Nd3+ 55.Kd1 Bc5 56.Re2 Rxb7 57.Rd2 Nf2+ 58.Ke2 Ne4 59.Rc2 
Rf7 60.Nd4+ Kd5 61.Nb3 Bb6 62.Nd2 Ng3+ 63.Kd3 Re7 64.Nc4 Bc5 65.Rg2 Ne4 
66.Ne3+ Kc6 67.Rg6+ Kb5 68.Nd5 Nf2+ 69.Kc3 Rf7 70.Nf6 Rxf6 71.Rxf6 Ne4+ 
72.Kd3 Nxf6 73.Kc3 Bg1 74.Kd3 Kc5 75.Kc3 Bd4+ 76.Kd3 Kd5 77.Kd2 Nd7 78.Kd3
Nc5+ 79.Kd2 Ke4 80.Kc2 Ke3 81.Kb1 Kd2 82.Ka2 Kc2 83.Ka3 Bc3 84.Ka2 Bb4 85.
Ka1 Nb3+ 86.Ka2 Nc1+ 0-1

[Event "20th WCh U20 Girls"]
[Site "Panaji IND"]
[Date "2002.12.15"]
[Round "8"]
[White "Priya Panneer, Ramachandran"]
[Black "Matras, Agnieszka"]
[Result "1-0"]
[WhiteElo "2106"]
[BlackElo "2247"]
[EventDate "2002.12.09"]
[PlyCount "127"]

1.e4 e5 2.Bc4 Nf6 3.d3 Nc6 4.Nf3 Be7 5.c3 O-O 6.Bb3 d6 7.O-O Na5 8.Bc2 c5 
9.Nbd2 Re8 10.Re1 Nc6 11.Nf1 Be6 12.Ng3 Qd7 13.h3 Rad8 14.Ng5 d5 15.Nxe6 
fxe6 16.Qe2 Rf8 17.a3 b5 18.Bb3 c4 19.dxc4 dxc4 20.Bc2 Bc5 21.Be3 Bxe3 22.
Qxe3 Qd2 23.Qe2 Qxe2 24.Rxe2 Na5 25.a4 Rb8 26.axb5 Rxb5 27.Rd2 Rfb8 28.Bd1
R8b6 29.f3 a6 30.Nf1 Nb7 31.Ne3 Nd6 32.Be2 Rc5 33.Ra4 Rbc6 34.Rd1 Nfe8 35.
Rda1 Nc7 36.Nc2 Rb6 37.Nb4 Nb7 38.Nxa6 Nxa6 39.Rxa6 Rxb2 40.R6a2 Rb3 41.
Ra3 Nd6 42.Bxc4 Rxa3 43.Bxe6+ Kf8 44.Rxa3 Nb5 45.Ra5 Ke7 46.Bd5 Kd6 47.c4 
Nd4 48.Rxc5 Kxc5 49.Kf2 Nc2 50.g3 Na3 51.f4 exf4 52.gxf4 Nxc4 53.Bxc4 Kxc4
54.Ke3 g6 55.Kf3 Kd4 56.e5 Kd5 57.Kg4 h6 58.f5 Kxe5 59.fxg6 Kf6 60.Kh5 Kg7
61.h4 Kg8 62.Kxh6 Kh8 63.h5 Kg8 64.g7 1-0

[Event "20th WCh U20 Girls"]
[Site "Panaji IND"]
[Date "2002.12.15"]
[Round "8"]
[White "Churun, Polina"]
[Black "Kasturi, M."]
[Result "1-0"]
[WhiteElo "2162"]
[BlackElo "2158"]
[EventDate "2002.12.09"]
[PlyCount "103"]

1.e4 c5 2.Nf3 Nc6 3.d4 cxd4 4.Nxd4 Nf6 5.Nc3 e5 6.Ndb5 d6 7.Bg5 a6 8.Na3 
b5 9.Nd5 Be7 10.Bxf6 Bxf6 11.c3 Bg5 12.Nc2 O-O 13.a4 bxa4 14.Rxa4 a5 15.
Bc4 Rb8 16.b3 Kh8 17.O-O g6 18.Qd3 Bh6 19.Rd1 f5 20.f3 fxe4 21.Qxe4 Bf5 
22.Qe2 Qg5 23.Nce3 e4 24.f4 Qh4 25.g3 Qd8 26.b4 axb4 27.cxb4 Bg7 28.Nxf5 
gxf5 29.b5 Nd4 30.Qf1 Qe8 31.Ne3 Qh5 32.Kh1 Nf3 33.Qe2 Qh6 34.Nc2 Ra8 35.
Ra6 Rad8 36.b6 Rb8 37.Bd5 Qf6 38.b7 Qb2 39.Rxd6 Rxb7 40.Bxb7 Qxb7 41.Ne3 
Qc8 42.Rd7 Qc5 43.R7d5 Qc8 44.Qc4 Qb7 45.Qe2 Qc8 46.Qc2 Qa8 47.Rd7 Qa3 48.
Nc4 Qc5 49.R7d5 Qc6 50.Ne3 Qa8 51.Nxf5 Rxf5 52.Rd8+ 1-0

[Event "20th WCh U20 Girls"]
[Site "Panaji IND"]
[Date "2002.12.15"]
[Round "8"]
[White "Delphin, C."]
[Black "Helm, Leonie"]
[Result "1/2-1/2"]
[WhiteElo "2084"]
[BlackElo "2235"]
[EventDate "2002.12.09"]
[PlyCount "115"]

1.e4 c5 2.Nf3 Nc6 3.d4 cxd4 4.Nxd4 Qc7 5.Nc3 e6 6.Be2 a6 7.O-O Nf6 8.Be3 
Be7 9.Kh1 O-O 10.f4 d6 11.Qe1 Nxd4 12.Bxd4 b5 13.e5 dxe5 14.Bxe5 Qb6 15.
Bf3 Bb7 16.Rb1 Rfd8 17.Bxb7 Qxb7 18.Bxf6 Bxf6 19.Ne4 Be7 20.Qe3 Rac8 21.c3
Rd5 22.Rbd1 Rcd8 23.Rd2 f5 24.Ng5 Bxg5 25.Qxe6+ Qf7 26.Qxf7+ Kxf7 27.Rxd5 
Rxd5 28.fxg5 Rd2 29.b3 Kg6 30.Rc1 Rxa2 31.c4 bxc4 32.bxc4 Kxg5 33.c5 Rb2 
34.c6 Rb8 35.c7 Rc8 36.Kg1 a5 37.Kf2 a4 38.Kf3 a3 39.Ra1 Rxc7 40.Rxa3 h5 
41.g3 h4 42.Ra4 Rc3+ 43.Kg2 Rc2+ 44.Kh3 hxg3 45.hxg3 Re2 46.Ra7 g6 47.Ra6 
Kh5 48.Ra8 g5 49.g4+ fxg4+ 50.Kg3 Re3+ 51.Kg2 g3 52.Ra4 g4 53.Ra8 Kh4 54.
Rh8+ Kg5 55.Rg8+ Kf4 56.Rf8+ Ke4 57.Re8+ Kd3 58.Rxe3+ 1/2-1/2

[Event "20th WCh U20 Girls"]
[Site "Panaji IND"]
[Date "2002.12.15"]
[Round "8"]
[White "Drljevic, Ljilja"]
[Black "Karavade, Eesha"]
[Result "1/2-1/2"]
[WhiteElo "2139"]
[BlackElo "2171"]
[EventDate "2002.12.09"]
[PlyCount "180"]

1.e4 c5 2.Nf3 d6 3.d3 Nc6 4.g3 g6 5.Bg2 Bg7 6.O-O Nf6 7.c3 O-O 8.Nbd2 Rb8 
9.a4 a6 10.Re1 b5 11.axb5 axb5 12.Nf1 b4 13.h3 Nd7 14.d4 bxc3 15.bxc3 Nb6 
16.Ne3 cxd4 17.cxd4 Bd7 18.Ba3 Qc7 19.Nd5 Nxd5 20.exd5 Nb4 21.Rxe7 Nxd5 
22.Re1 Rfd8 23.Rc1 Qb6 24.Ng5 Nf6 25.Re7 Qa5 26.Nxf7 Qxa3 27.Nxd8 Rxd8 28.
Ra1 Qc3 29.Re3 Qc7 30.Rc1 Qa5 31.Qb3+ Kh8 32.Re7 Ng8 33.Rf7 Nh6 34.Rf4 Nf5
35.d5 Nd4 36.Qd1 Ba4 37.Qe1 Qxe1+ 38.Rxe1 Re8 39.Rxe8+ Bxe8 40.Re4 Bb5 41.
Re7 Kg8 42.h4 Nf5 43.Rb7 Be8 44.Kf1 h5 45.Be4 Bf7 46.Ke2 Bf8 47.Bxf5 gxf5 
48.Rb5 Kg7 49.f4 Kf6 50.Kd3 Be7 51.Ra5 Be8 52.Kc4 Bd8 53.Ra6 Ke7 54.Ra2 
Bb6 55.Re2+ Kd7 56.Rb2 Kc7 57.Re2 Bd7 58.Ra2 Bc5 59.Rb2 Ba4 60.Kd3 Bd1 61.
Kc4 Bf3 62.Ra2 Bd1 63.Rb2 Be3 64.Kd3 Ba7 65.Kc4 Bc5 66.Kd3 Ba4 67.Kc4 Bd7 
68.Rb3 Bc8 69.Kb5 Bb7 70.Rd3 Bf2 71.Rf3 Bc5 72.Rd3 Kb8 73.Rd2 Ba7 74.Rd1 
Bc5 75.Rd2 Kc7 76.Rd1 Bf2 77.Rd3 Bc8 78.Rf3 Bd7+ 79.Ka6 Bd4 80.Rb3 Bc8+ 
81.Ka5 Bb7 82.Rd3 Bf2 83.Kb5 Kb8 84.Rf3 Bc5 85.Rd3 Ka7 86.Rd2 Bg1 87.Ra2+ 
Kb8 88.Rd2 Ka7 89.Ra2+ Kb8 90.Rd2 Ka7 1/2-1/2

[Event "20th WCh U20 Girls"]
[Site "Panaji IND"]
[Date "2002.12.15"]
[Round "8"]
[White "Bjerke, Silje"]
[Black "Prathiba, Yuvarajan"]
[Result "1-0"]
[WhiteElo "2065"]
[BlackElo "2223"]
[EventDate "2002.12.09"]
[PlyCount "117"]

1.d4 e6 2.c4 f5 3.Nf3 c6 4.g3 d5 5.Bg2 Bd6 6.O-O Nf6 7.b3 Qe7 8.Bb2 Nbd7 
9.Nbd2 b6 10.Ne5 Bb7 11.Rc1 Rc8 12.Ndf3 O-O 13.Nxd7 Nxd7 14.Ne5 f4 15.cxd5
exd5 16.Nxc6 Qe6 17.Nxa7 Rxc1 18.Bxc1 Ba6 19.a4 Bxe2 20.Re1 f3 21.Bxf3 
Bxd1 22.Rxe6 Rxf3 23.Rxd6 Nf6 24.Rxb6 Rd3 25.Kg2 Bf3+ 26.Kh3 Ng4 27.Nc6 h6
28.Kh4 Rd1 29.Rb8+ Kh7 30.Rf8 Nxh2 31.Ne5 Be2 32.Kh3 Nf1 33.Be3 Rb1 34.Rb8
Rb2 35.a5 Nxe3 36.fxe3 Bf1+ 37.Kg4 Rf2 38.Rb7 Be2+ 39.Kh3 Bf1+ 40.Kh4 Rh2+
41.Kg4 Bh3+ 42.Kf3 Bg2+ 43.Kf4 Bf1 44.Ng4 Ra2 45.b4 Kg8 46.Kf5 Ra3 47.Ne5 
Rxe3 48.g4 Kh7 49.b5 Re4 50.a6 Rxd4 51.a7 Ra4 52.b6 d4 53.Rb8 Bg2 54.b7 
Bxb7 55.Rxb7 Ra5 56.Ke4 Ra4 57.Nc6 h5 58.gxh5 Ra6 59.Rb8 1-0

[Event "20th WCh U20 Girls"]
[Site "Panaji IND"]
[Date "2002.12.15"]
[Round "8"]
[White "Lapinskaite, Sarune"]
[Black "Holusova, Tana"]
[Result "0-1"]
[WhiteElo "2034"]
[BlackElo "2106"]
[EventDate "2002.12.09"]
[PlyCount "62"]

1.e4 e6 2.d4 d5 3.Nc3 Bb4 4.e5 c5 5.a3 Bxc3+ 6.bxc3 Ne7 7.a4 Nbc6 8.Nf3 
Qa5 9.Bd2 Bd7 10.Bb5 c4 11.Ng5 h6 12.Qh5 Rf8 13.Nh3 O-O-O 14.O-O Nxd4 15.
Rfb1 Ndf5 16.Qe2 a6 17.g4 Nh4 18.Qe3 Qc7 19.Bxd7+ Rxd7 20.f4 g5 21.fxg5 
hxg5 22.Nxg5 Rg8 23.Qf2 Neg6 24.Rf1 Qxe5 25.Nxf7 Qe4 26.Qg3 Rxf7 27.Rxf7 
Ne5 28.g5 Nxf7 29.Rf1 Nf5 30.Qf2 Nxg5 31.Qc5+ Kd7 0-1

[Event "20th WCh U20 Girls"]
[Site "Panaji IND"]
[Date "2002.12.15"]
[Round "8"]
[White "Anuprita, Patil"]
[Black "Trujillo Delgado, Dafnae"]
[Result "0-1"]
[WhiteElo "2093"]
[BlackElo "2036"]
[EventDate "2002.12.09"]
[PlyCount "68"]

1.e4 c5 2.Nf3 e6 3.b3 d6 4.Bb2 Nf6 5.Bb5+ Bd7 6.Bxd7+ Nbxd7 7.Qe2 Be7 8.
O-O O-O 9.d4 cxd4 10.Nxd4 a6 11.c4 Qc7 12.Nc3 Rac8 13.Rad1 Rfe8 14.Kh1 Bf8
15.f4 b6 16.Nf3 Nc5 17.e5 Nfd7 18.Ne4 Nxe4 19.Qxe4 Nc5 20.Qc2 h6 21.Rfe1 
Nb7 22.Qf2 b5 23.Rc1 bxc4 24.Rxc4 Qb8 25.Rxc8 Rxc8 26.exd6 Nxd6 27.Ne5 Qb7
28.Rc1 Rxc1+ 29.Bxc1 Ne4 30.Qf3 Qb4 31.Nd3 Qd4 32.Qe3 Qxd3 33.Qe1 Bc5 34.
h3 Nf2+ 0-1

[Event "20th WCh U20 Girls"]
[Site "Panaji IND"]
[Date "2002.12.15"]
[Round "8"]
[White "Nilavoli, Hariharan"]
[Black "Rajadharshini, M."]
[Result "1-0"]
[WhiteElo "2064"]
[BlackElo "2045"]
[EventDate "2002.12.09"]
[PlyCount "115"]

1.e4 c6 2.d4 d5 3.exd5 cxd5 4.c4 Nf6 5.Nc3 e6 6.Nf3 Bb4 7.cxd5 Nxd5 8.Qc2 
Nc6 9.Be2 O-O 10.O-O Be7 11.Rd1 Bf6 12.Qe4 Nce7 13.Bd3 g6 14.Bh6 Re8 15.h4
Bd7 16.Bg5 Bc6 17.Qg4 Nf5 18.Ne4 h6 19.Nxf6+ Nxf6 20.Bxf6 Qxf6 21.h5 g5 
22.Be4 Bxe4 23.Qxe4 Nd6 24.Qe5 Qxe5 25.dxe5 Nc4 26.Rd7 g4 27.Rd4 gxf3 28.
Rxc4 fxg2 29.Rc7 Red8 30.Rxb7 Rd5 31.Re1 a5 32.Kxg2 Rc8 33.Re3 Rcc5 34.
Rb8+ Kh7 35.Rf3 f5 36.Rfb3 Rc7 37.R3b7 Rxb7 38.Rxb7+ Kg8 39.f4 Rd4 40.Kf3 
Rd3+ 41.Ke2 Rh3 42.Re7 Rxh5 43.Rxe6 Rh2+ 44.Kd3 Rxb2 45.Rxh6 Rxa2 46.Rf6 
Rb2 47.Rxf5 a4 48.Rf6 a3 49.Ra6 a2 50.Ra7 Rb4 51.Ke3 Rb2 52.Ke4 Kf8 53.Kf5
Rh2 54.e6 Ke8 55.Ke5 Kd8 56.f5 Ke8 57.Ra8+ Ke7 58.f6# 1-0

[Event "20th WCh U20 Girls"]
[Site "Panaji IND"]
[Date "2002.12.15"]
[Round "8"]
[White "Nabeela, Farheen"]
[Black "Jennitha, Anto"]
[Result "0-1"]
[WhiteElo "2067"]
[BlackElo "1989"]
[EventDate "2002.12.09"]
[PlyCount "102"]

1.e4 d6 2.d4 Nf6 3.Nc3 g6 4.Nf3 Bg7 5.Be2 c6 6.O-O O-O 7.Re1 Qc7 8.Bf4 Nh5
9.Be3 b5 10.a3 a6 11.Nd2 Nf6 12.f4 e5 13.fxe5 dxe5 14.Nb3 Nbd7 15.Bf3 Bb7 
16.Qe2 Rac8 17.Rad1 Rfe8 18.Rd2 exd4 19.Bxd4 c5 20.Bf2 b4 21.axb4 cxb4 22.
Na4 Nxe4 23.Bxe4 Rxe4 24.Qd3 Ne5 25.Qg3 Rg4 26.Bb6 Qc6 27.Qh3 Nf3+ 28.Kf2 
Nxd2 29.Qxg4 Ne4+ 30.Kg1 f5 31.Qe2 Qxa4 32.Rd1 Qc6 33.Be3 h6 34.Na5 Qc7 
35.Nxb7 Qxb7 36.Qd3 Kh7 37.Ra1 Rc6 38.Ra2 Rd6 39.Qe2 Qd5 40.Ra1 Bxb2 41.
Re1 Bc3 42.Rb1 a5 43.g3 Be5 44.Re1 a4 45.Qf1 Bc3 46.Rc1 Bd2 47.Bxd2 Qxd2 
48.Qf4 Qxf4 49.gxf4 a3 50.Ra1 Nc3 51.Kf2 Rd1 0-1

[Event "20th WCh U20 Girls"]
[Site "Panaji IND"]
[Date "2002.12.15"]
[Round "8"]
[White "Nimmy, A. G."]
[Black "Rajalakshmi, C. V."]
[Result "1/2-1/2"]
[WhiteElo "2004"]
[BlackElo "2018"]
[EventDate "2002.12.09"]
[PlyCount "127"]

1.e4 c6 2.d4 d5 3.exd5 cxd5 4.Bd3 g6 5.Nf3 Bg7 6.c3 Nc6 7.O-O Nh6 8.Bf4 
O-O 9.Qd2 Nf5 10.Bxf5 Bxf5 11.Bh6 Be4 12.Bxg7 Kxg7 13.Ng5 Bf5 14.f4 Rc8 
15.Na3 Na5 16.Rae1 Qd7 17.h3 f6 18.Nf3 Rfe8 19.Qe2 Qc7 20.Qd2 Be4 21.Rc1 
Nc4 22.Nxc4 Qxc4 23.b3 Qd3 24.Rfd1 Qxd2 25.Nxd2 Bd3 26.c4 dxc4 27.bxc4 b6 
28.Rc3 Bf5 29.g4 Be6 30.Re1 Bf7 31.Rec1 Red8 32.Nb3 Rd7 33.d5 Rdc7 34.Re3 
Bxd5 35.Rce1 Bf7 36.Rxe7 Kf8 37.Rxc7 Rxc7 38.c5 bxc5 39.Rc1 c4 40.Nd2 Bd5 
41.Rc3 Ke7 42.Kf2 Kd6 43.a3 a5 44.Ke3 Kc5 45.Nb3+ Kb6 46.Nd2 Kb5 47.Kd4 
Rd7 48.g5 Be6+ 49.Ke3 fxg5 50.fxg5 Rd3+ 51.Rxd3 cxd3 52.Kxd3 Ka4 53.Kc2 
Kxa3 54.Kb1 Bxh3 55.Nc4+ Kb4 56.Nd6 Kc5 57.Ne4+ Kd4 58.Nf6 Bf5+ 59.Kb2 h5 
60.gxh6 g5 61.h7 Bxh7 62.Nxh7 g4 63.Nf6 g3 64.Nh5 1/2-1/2

[Event "20th WCh U20 Girls"]
[Site "Panaji IND"]
[Date "2002.12.16"]
[Round "9"]
[White "Khasanova, Elmira"]
[Black "Kosintseva, Nadezhda"]
[Result "0-1"]
[WhiteElo "2325"]
[BlackElo "2388"]
[EventDate "2002.12.09"]
[PlyCount "160"]

1.d4 f5 2.Nc3 d5 3.Bg5 g6 4.e3 Bg7 5.h4 c6 6.Nf3 Be6 7.Bd3 Nd7 8.h5 Ngf6 
9.h6 Bf8 10.Bf4 Bf7 11.Ne2 Ng4 12.c3 e6 13.Bc2 Rg8 14.Ng5 Be7 15.Nxf7 Kxf7
16.f3 Ngf6 17.Qd2 Nb6 18.Bd3 Nc4 19.Bxc4 dxc4 20.Bg5 c5 21.O-O-O Qa5 22.
Kb1 Rgd8 23.Qc2 b5 24.e4 b4 25.cxb4 Qxb4 26.dxc5 Qxc5 27.Nc3 Rab8 28.Qe2 
Rdc8 29.Bc1 Qa5 30.exf5 gxf5 31.Rhe1 Rc6 32.Qe5 Qxe5 33.Rxe5 Bb4 34.Rb5 
Rcb6 35.Rxb6 Rxb6 36.Kc2 Rc6 37.Nb5 a6 38.Nd4 Rc8 39.a3 Bc5 40.Ne2 e5 41.
Nc3 Ke6 42.Re1 Bd4 43.Be3 Bxc3 44.bxc3 Rb8 45.Bc5 Rb5 46.Bf8 Nd7 47.Bg7 
Ra5 48.Ra1 Nc5 49.g4 Nb3 50.Re1 Rd5 51.gxf5+ Kxf5 52.Re4 Nd2 53.Rxe5+ Rxe5
54.Bxe5 Nxf3 55.Bg7 Ke4 56.Bf8 Ne1+ 57.Kd2 Nd3 58.Bd6 Nb2 59.Ke2 a5 60.Bc7
a4 61.Bd6 Nd3 62.Bf8 Nf4+ 63.Kd2 Ng2 64.Ke2 Ne3 65.Bc5 Nf5 66.Bf8 Kf4 67.
Bc5 Ng3+ 68.Kd1 Ne4 69.Bd4 Kf3 70.Be5 Ke3 71.Kc2 Ke2 72.Bh8 Ng3 73.Bg7 Nf5
74.Bf8 Ne3+ 75.Kc1 Kd3 76.Bg7 Nd5 77.Kb2 Kd2 78.Be5 Ne3 79.Bf4 Kd3 80.Kc1 
Nd5 0-1

[Event "20th WCh U20 Girls"]
[Site "Panaji IND"]
[Date "2002.12.16"]
[Round "9"]
[White "Makka, Ioulia"]
[Black "Pogonina, Natalia"]
[Result "1/2-1/2"]
[WhiteElo "2257"]
[BlackElo "2397"]
[EventDate "2002.12.09"]
[PlyCount "95"]

1.Nf3 c5 2.c4 Nc6 3.d4 cxd4 4.Nxd4 g6 5.e4 Bg7 6.Be3 d6 7.Nc3 Nf6 8.Be2 
O-O 9.Qd2 Bd7 10.O-O Qa5 11.Nb3 Qc7 12.Rac1 Rfc8 13.c5 Be6 14.cxd6 Qxd6 
15.Nc5 Qxd2 16.Bxd2 Nd4 17.Nxe6 fxe6 18.Bd1 e5 19.Be3 Rd8 20.f3 a6 21.Re1 
Rac8 22.Be2 Rc6 23.Kf2 e6 24.Red1 Nd7 25.Bd3 Nb6 26.Ne2 Na4 27.Bxd4 exd4 
28.Rxc6 bxc6 29.Rd2 Nc5 30.Bc4 a5 31.Nf4 Kf7 32.Nd3 Nxd3+ 33.Rxd3 Rb8 34.
b3 Ke7 35.f4 Rf8 36.Rf3 e5 37.g3 Kd6 38.fxe5+ Kxe5 39.Rxf8 Bxf8 40.Bd3 Kd6
41.Bc4 Kc5 42.Ke2 Kb4 43.Kd3 Bg7 44.a4 Be5 45.h3 h6 46.g4 g5 47.Kc2 Ka3 
48.Bd3 1/2-1/2